000
00290nam a22001337a 4500
008
181001b xxu||||| |||| 00| 0 eng d
020
_a
9780132277532
041
_a
eng
080
_2
12 ED
_a
572
100
_a
24
101
_a
ANT
245
_a
Antropology
_c
Ember.C.R
942
_2
udc
_c
BK
999
_c
48715
_d
48715